| 000 | 01125nam a2200277Ia 4500 | ||
|---|---|---|---|
| 003 | OSt | ||
| 005 | 20221005105832.0 | ||
| 006 | a|||||r|||| 00| 0 | ||
| 007 | ta | ||
| 008 | 221004b |||||||| |||| 00| 0 mar d | ||
| 020 |
_a8172018118 (hbk) _c800 |
||
| 024 | _a92390 | ||
| 037 |
_b536, 19/03/2009, Vani Prakashan _cTextual |
||
| 040 |
_aCRL _cCRL _bmar |
||
| 041 |
_2mar _amar |
||
| 082 | _aO155,3N06w, 152N6 | ||
| 100 | _aबेडेकर, विश्राम | ||
| 245 | 0 |
_aएक पेड़ _b दो पक्षी |
|
| 246 | _aEk peड़: do pakṣhī | ||
| 260 |
_aनई दिल्ली _bसाहित्य अकादमी भारत _c1996 |
||
| 300 |
_a312पृ0 _ccm. |
||
| 490 | _aसाहित्य अकादमी द्वारा पुरस्कृत मराठी आत्मकथा | ||
| 700 |
_a केलकर, र. श., अनु. _9623939 |
||
| 942 |
_hO155,3N06w, 152N6 _cTEXL _2cc |
||
| 999 |
_c1017032 _d1017032 |
||